Tous les vainqueurs de coupe du monde #2 : Handball - Statistiques

Statistiques générales
  • Ce quiz a été pris 254 fois
  • Le résultat moyen est 7 sur 10
Statistiques - réponses
Victoires Pays % Correct
6 France
100%
3 Danemark
92%
3 Allemagne
89%
4 Suède
89%
2 Espagne
88%
3 Russie
72%
1 Croatie
58%
4 Roumanie
38%
1 Serbie
37%
1 République tchèque
26%
Aucun quiz correspondant
Distribution des résultats
% des personnes avec chaque résultat
Percentile par nombre de réponses
Votre historique - résultats
Vous n’avez pas pris ce quiz